Normal view MARC view
  • HARTLEY, JOHN.R

Entry Personal Name

Number of records used in: 1

001 - CONTROL NUMBER

  • control field: 76734

003 - CONTROL NUMBER IDENTIFIER

  • control field: NUST

005 - DATE AND TIME OF LATEST TRANSACTION

  • control field: 20210628205714.0

008 - FIXED-LENGTH DATA ELEMENTS

  • fixed length control field: 210628|| aca||aabn | a|a d

040 ## - CATALOGING SOURCE

  • Original cataloging agency: NUST
  • Transcribing agency: NUST

100 ## - HEADING--PERSONAL NAME

  • Personal name: HARTLEY, JOHN.R

670 ## - SOURCE DATA FOUND

  • Source citation: Work cat.: (NUST): HARTLEY, JOHN.R, AUTOMOBILE STEERING AND SUSPENSION QUESTION AND ANSWER, 1977
© 2023 Central Library, National University of Sciences and Technology. All Rights Reserved.